000 01429nam a2200301 c 4500
999 _c424849
_d424849
003 BLK
005 20250614122401.0
008 180410b bul|||||r ||||||| ||bul||
020 _a9786191866137
040 _aBLK
041 _aBUL
_cBUL
080 _aАнглийска литература
_b821.111
_x-93-1
_z821.111-93-1
100 _9386662
_aДоналдсън, Джулия
_eпърви автор
139 _aДоналдсън, Джулия
_bД 77
245 1 0 _aГрозната петорка
_cДжулия Доналдсън; ил. Аксел Шефлър; прев. Мария Донева
257 _aGBR
260 _bЖанет 45
_c2020
_fотпеч. в Китай
_aПловдив
300 _a32 с.
_bс цв. ил.
_c23x29 см
380 _aDX
500 _aОриг. загл., установено от доп. източник: The ugly five / Julia Donaldson Възприетата форма на името на ил. Аксел Шефлър е Аксел Шефлер; Пълната форма на името на прев. Мария Донева е Мария Донева Петрова.
700 1 _aШефлър, Аксел
_eил.
_9143299
700 _aДонева, Мария
_eпрев. от англ.
_9243036
852 _aЦб 308118
856 4 _qpdf
856 4 _qpdf
942 _cKNG
_n0
_0123
_s1
944 _aCR
_c2021-07-22
_k30543
_lИва Цветкова